000 00512nam a22001937a 4500
003 KOHA_MİRAKIL
005 20251006104002.0
008 251006b tu ||||| |||| 00| 0 tur d
020 _a9786057431714
040 _aTR-AnABB
_btur
_cTR-AnABB
041 _atur
082 _a891.81
_bSAV 2021
100 1 _aSaviç, Duşan,
245 1 0 _aPoraymos /
_cDuşan Saviç
260 _aİstanbul :
_bAtaç,
_c2021
300 _a184 sayfa ;
_c20 cm
650 0 4 _aSırp edebiyatı, roman
942 _2ddc
_cBK
999 _c9098
_d9098
900 _bGizem YORULMAZ